UBT Library

OCCLUSIVE CEREBROVASCULAR DISEASE (Record no. 7986)

000 -LEADER
fixed length control field 00299nam a22001337a 4500
008 - FIXED-LENGTH DATA ELEMENTS--GENERAL INFORMATION
fixed length control field 170316b xxu||||| |||| 00| 0 eng d
020 ## - INTERNATIONAL STANDARD BOOK NUMBER
International Standard Book Number 0721621112
041 ## - LANGUAGE CODE
Language code of text/sound track or separate title eng
080 ## - UNIVERSAL DECIMAL CLASSIFICATION NUMBER
Universal Decimal Classification number 616.8
100 ## - Rafti
Rafti 7
101 ## - Shkurtesa
Shkurtesa SHM
245 ## - TITLE STATEMENT
Title OCCLUSIVE CEREBROVASCULAR DISEASE
Statement of responsibility, etc SUNDT.T.M
942 ## - ADDED ENTRY ELEMENTS (KOHA)
Source of classification or shelving scheme
Item type Books

No items available.

UBT Library © 2015-2024. All rights reserved University Education for Business and Technology